[Event "CAN-ch U14 Girls"]
[Site "Quebec"]
[Date "2018.07.04"]
[Round "6.57"]
[White "Van, Anna"]
[Black "Farkas, Jezzel"]
[Result "1/2-1/2"]
[WhiteElo "1655"]
[BlackElo "1473"]
[PlyCount "83"]
[EventDate "2018.07.02"]
[EventType "swiss"]
[EventRounds "7"]
[EventCountry "CAN"]
[SourceTitle "EXT 2022"]
[Source "ChessBase"]
[SourceDate "2021.10.06"]
[SourceVersion "1"]
[SourceVersionDate "2021.10.06"]
[SourceQuality "1"]

1. e4 d5 2. exd5 Qxd5 3. Nc3 Qd6 4. d4 Nf6 5. Nf3 a6 6. h3 Nc6 7. Be3 Bf5 8. a3 0-0-0 9. Bd3 Bxd3 10. Qxd3 h6 11. 0-0 e6 12. b4 g5 13. Rfb1 Nd5 14. Ne4 Qd7 15. b5 Nb8 16. Ne5 Qe8 17. c4 Nxe3 18. fxe3 Bg7 19. Nf3 f5 20. Nc5 Rd6 21. Qb3 a5 22. Na4 f4 23. c5 Rd5 24. e4 Rxd4 25. Nxd4 Bxd4+ 26. Kh2 Bxa1 27. Rxa1 Rf8 28. b6 Qc6 29. bxc7 Kxc7 30. Re1 Nd7 31. Kg1 Nxc5 32. Nxc5 Qxc5+ 33. Kf1 e5 34. Qb2 Qc4+ 35. Kf2 Qd4+ 36. Qxd4 exd4 37. Ke2 Kd6 38. Kd3 Ke5 39. Rb1 Rc8 40. Rb5+ Ke6 41. Kxd4 Rc6 42. Rxb7 1/2-1/2

[Event "CAN-ch U12 Girls"]
[Site "Sault Ste Marie"]
[Date "2017.07.10"]
[Round "7.77"]
[White "Farkas, Jezzel"]
[Black "Gilani, Mysha"]
[Result "0-1"]
[WhiteElo "1326"]
[BlackElo "1484"]
[PlyCount "76"]
[EventDate "2017.07.06"]
[EventType "swiss"]
[EventRounds "7"]
[EventCountry "CAN"]
[SourceTitle "EXT 2022"]
[Source "ChessBase"]
[SourceDate "2021.10.06"]
[SourceVersion "1"]
[SourceVersionDate "2021.10.06"]
[SourceQuality "1"]

1. d4 Nf6 2. Bf4 e6 3. e3 d5 4. Nf3 c5 5. c3 Nc6 6. h3 Bd6 7. Bxd6 Qxd6 8. dxc5 Qxc5 9. Nd4 e5 10. Nxc6 bxc6 11. Be2 0-0 12. 0-0 Rb8 13. b4 Qe7 14. a3 c5 15. Qc2 g6 16. Qd1 Bf5 17. b5 c4 18. a4 Qc5 19. g4 Be4 20. Bf3 Bxf3 21. Qxf3 Ne4 22. Qd1 f5 23. Qc2 fxg4 24. hxg4 Rf3 25. Nd2 Rxe3 26. Nxe4 Rxe4 27. Qd1 Rf8 28. Ra2 Rff4 29. Kh2 Rxg4 30. f3 Rh4+ 31. Kg3 Ref4 32. Rd2 d4 33. cxd4 exd4 34. Rg1 Qg5+ 35. Kf2 Rh2+ 36. Kf1 Rxd2 37. Qxd2 Rxf3+ 38. Ke2 Rf2+ 0-1

[Event "CAN-ch U12 Girls"]
[Site "Sault Ste Marie"]
[Date "2017.07.09"]
[Round "6.81"]
[White "Farkas, Jezzel"]
[Black "Belleau, Natasha"]
[Result "1-0"]
[WhiteElo "1326"]
[BlackElo "860"]
[PlyCount "41"]
[EventDate "2017.07.06"]
[EventType "swiss"]
[EventRounds "7"]
[EventCountry "CAN"]
[SourceTitle "EXT 2022"]
[Source "ChessBase"]
[SourceDate "2021.10.06"]
[SourceVersion "1"]
[SourceVersionDate "2021.10.06"]
[SourceQuality "1"]

1. d4 d5 2. Bf4 e6 3. e3 f6 4. Nf3 Bd6 5. Bxd6 cxd6 6. c3 e5 7. dxe5 dxe5 8. Be2 e4 9. Nd4 a6 10. 0-0 Ne7 11. c4 g5 12. Nc3 g4 13. Bxg4 Rg8 14. Bh5+ Kf8 15. Kh1 Qd6 16. cxd5 Qe5 17. f4 Qd6 18. Nxe4 Qb6 19. Qb3 Nxd5 20. Qxd5 Qxb2 21. Qf7# 1-0

[Event "CAN-ch U12 Girls"]
[Site "Sault Ste Marie"]
[Date "2017.07.07"]
[Round "3.81"]
[White "Farkas, Jezzel"]
[Black "Laird, Aili"]
[Result "1-0"]
[WhiteElo "1326"]
[BlackElo "982"]
[PlyCount "81"]
[EventDate "2017.07.06"]
[EventType "swiss"]
[EventRounds "7"]
[EventCountry "CAN"]
[SourceTitle "EXT 2022"]
[Source "ChessBase"]
[SourceDate "2021.10.06"]
[SourceVersion "1"]
[SourceVersionDate "2021.10.06"]
[SourceQuality "1"]

1. d4 d5 2. Bf4 g6 3. e3 Bg7 4. Nf3 e6 5. Bd3 g5 6. Bxg5 f6 7. Bf4 Nc6 8. Bb5 Bd7 9. Bxc6 Bxc6 10. 0-0 Bb5 11. Re1 Bh6 12. Bg3 f5 13. Ne5 Nf6 14. Nd2 Rg8 15. c4 Ba6 16. b4 Qd6 17. b5 0-0-0 18. Nf7 Qd7 19. Nxd8 Qxd8 20. bxa6 bxa6 21. Rb1 Kd7 22. Qa4+ Ke7 23. Rb7 Rg7 24. Rxc7+ Qxc7 25. Bxc7 Kf8 26. Bd6+ Kf7 27. Qxa6 Ne8 28. Qxa7+ Kg8 29. Qb8 Rf7 30. Qxe8+ Bf8 31. Qxf8+ Rxf8 32. Bxf8 Kxf8 33. a4 Ke8 34. a5 Kd8 35. a6 Kc8 36. Rb1 Kc7 37. a7 Kd6 38. a8Q e5 39. Rb6+ Ke7 40. Qa7+ Kf8 41. Rb8# 1-0

[Event "CAN-ch U12 Girls"]
[Site "Sault Ste Marie"]
[Date "2017.07.07"]
[Round "4.80"]
[White "Qiao, Joey"]
[Black "Farkas, Jezzel"]
[Result "1/2-1/2"]
[WhiteElo "1460"]
[BlackElo "1326"]
[PlyCount "151"]
[EventDate "2017.07.06"]
[EventType "swiss"]
[EventRounds "7"]
[EventCountry "CAN"]
[SourceTitle "EXT 2022"]
[Source "ChessBase"]
[SourceDate "2021.10.06"]
[SourceVersion "1"]
[SourceVersionDate "2021.10.06"]
[SourceQuality "1"]

1. e4 d6 2. d4 Nf6 3. Nc3 g6 4. Nf3 Bg7 5. Be2 0-0 6. 0-0 Bg4 7. h3 Bxf3 8. Bxf3 e5 9. dxe5 dxe5 10. Qxd8 Rxd8 11. Nb5 Na6 12. Be3 b6 13. a3 c6 14. Nc3 Nc7 15. Rfd1 Ne6 16. Na2 Nd4 17. Bxd4 exd4 18. Nb4 Rac8 19. Rd2 Nd7 20. Nd3 Ne5 21. Nxe5 Bxe5 22. Rad1 Rd6 23. b3 Rcd8 24. Be2 c5 25. Bc4 Kf8 26. Rb1 Rb8 27. b4 cxb4 28. axb4 Rc8 29. Bd3 Rc3 30. Ra1 Rd7 31. Rdd1 Rdc7 32. Ra2 Re7 33. Rda1 Rcc7 34. Rd1 Rc3 35. g3 g5 36. Kg2 Rec7 37. Rda1 Bd6 38. b5 h6 39. Rxa7 Rxa7 40. Rxa7 Rc7 41. Ra4 Bc5 42. Kf3 Re7 43. Ra1 Kg7 44. Rh1 Re5 45. h4 f6 46. hxg5 Rxg5 47. Kg2 Bd6 48. Rh4 Re5 49. Rh1 Rg5 50. Ra1 h5 51. Rh1 Kh6 52. Be2 Kg6 53. Bd3 Kh6 54. Be2 Kg6 55. Rh4 Rc5 56. Bd3 Kh6 57. f4 Be7 58. Rh1 Kg7 59. Kf2 Bd6 60. f5 Kh6 61. g4 h4 62. Rxh4+ Kg5 63. Rh7 Kxg4 64. Rg7+ Kf4 65. Rg6 Ke5 66. Kf3 Rc7 67. Rg8 Re7 68. Rc8 Rc7 69. Rb8 Bc5 70. Bc4 Rd7 71. Bd5 Rc7 72. Bc6 Re7 73. Rd8 Bd6 74. Rc8 Rc7 75. Rb8 Bc5 76. Bd5 1/2-1/2

[Event "CAN-ch U12 Girls"]
[Site "Sault Ste Marie"]
[Date "2017.07.06"]
[Round "1.77"]
[White "Farkas, Jezzel"]
[Black "Shen, Isamel"]
[Result "0-1"]
[WhiteElo "1326"]
[BlackElo "1538"]
[PlyCount "98"]
[EventDate "2017.07.06"]
[EventType "swiss"]
[EventRounds "7"]
[EventCountry "CAN"]
[SourceTitle "EXT 2022"]
[Source "ChessBase"]
[SourceDate "2021.10.06"]
[SourceVersion "1"]
[SourceVersionDate "2021.10.06"]
[SourceQuality "1"]

1. d4 d5 2. Bf4 Nf6 3. e3 Bf5 4. Nf3 e6 5. Be2 Nc6 6. a3 Be7 7. 0-0 0-0 8. h3 h6 9. c4 a6 10. Nc3 Na5 11. Ne5 Bd6 12. c5 Bxe5 13. Bxe5 Nh7 14. b4 Nc6 15. Bf4 f6 16. Bg4 Ne7 17. Bxf5 Nxf5 18. Qc2 Rc8 19. Rfd1 c6 20. a4 Qe8 21. Bh2 Ng5 22. e4 Ne7 23. exd5 cxd5 24. Bd6 Nf7 25. Bxe7 Qxe7 26. Qe2 Qe8 27. Re1 Nd8 28. Nxd5 Qf7 29. Nb6 Rc7 30. Qe4 Qh5 31. d5 f5 32. Qe5 Re7 33. dxe6 Nxe6 34. Qd5 Rf6 35. Re5 Kh7 36. Qd1 Qg5 37. Qc1 Nf4 38. Qf1 Rxe5 39. Nd7 Ree6 40. Nxf6+ Rxf6 41. g3 Rg6 42. Kh2 Ne6 43. Qd3 Nf4 44. Qf3 Ne6 45. Qxb7 Qd2 46. Rf1 Qe2 47. Qg2 Nf4 48. Qg1 Rg5 49. Qh1 Nxh3 0-1

[Event "CAN-ch U12 Girls"]
[Site "Sault Ste Marie"]
[Date "2017.07.06"]
[Round "2.79"]
[White "Tsukerman, Julia"]
[Black "Farkas, Jezzel"]
[Result "1-0"]
[WhiteElo "1371"]
[BlackElo "1326"]
[PlyCount "61"]
[EventDate "2017.07.06"]
[EventType "swiss"]
[EventRounds "7"]
[EventCountry "CAN"]
[SourceTitle "EXT 2022"]
[Source "ChessBase"]
[SourceDate "2021.10.06"]
[SourceVersion "1"]
[SourceVersionDate "2021.10.06"]
[SourceQuality "1"]

1. e4 d6 2. d4 Nf6 3. Nc3 g6 4. Be3 Bg7 5. f3 0-0 6. Qd2 c6 7. 0-0-0 Qc7 8. g4 b5 9. g5 Nfd7 10. h4 a5 11. h5 Re8 12. hxg6 fxg6 13. f4 Nf8 14. Bh3 b4 15. Nce2 Bxh3 16. Nxh3 c5 17. dxc5 dxc5 18. Qd5+ e6 19. Qxa8 Qb6 20. e5 Rc8 21. Qe4 Qc7 22. Qc4 Nbd7 23. Nf2 Nb6 24. Qd3 Nd5 25. c4 Nxe3 26. Qxe3 a4 27. Ne4 Nd7 28. Nd6 Rb8 29. Ng3 b3 30. a3 Nb6 31. Nge4 1-0

[Event "Windsor NAYCC U12 Girls"]
[Site "Windsor"]
[Date "2016.08.11"]
[Round "9.127"]
[White "Farkas, Jezzel"]
[Black "Miyasaka, Julia K"]
[Result "0-1"]
[WhiteElo "1310"]
[BlackElo "1466"]
[PlyCount "110"]
[EventDate "2016.08.07"]
[EventType "swiss"]
[EventRounds "9"]
[EventCountry "CAN"]
[SourceTitle "EXT 2022"]
[Source "ChessBase"]
[SourceDate "2021.10.06"]
[SourceVersion "1"]
[SourceVersionDate "2021.10.06"]
[SourceQuality "1"]

1. d4 d5 2. Bf4 Nf6 3. Nf3 e6 4. e3 Be7 5. Bd3 0-0 6. 0-0 c5 7. c3 b6 8. Nbd2 Nc6 9. h3 Bb7 10. Ne5 Nxe5 11. Bxe5 c4 12. Bc2 b5 13. Nf3 Nd7 14. Bg3 f5 15. Ne5 Nxe5 16. Bxe5 Bd6 17. Bxd6 Qxd6 18. f4 Qe7 19. g4 Qh4 20. Qf3 Rae8 21. Kh2 Qe7 22. g5 b4 23. h4 bxc3 24. bxc3 Qa3 25. Rfc1 Qxc3 26. Ba4 Qd2+ 27. Kg3 Rb8 28. Qf2 Qxf2+ 29. Kxf2 Ba6 30. Rab1 Rfd8 31. Ke1 Kf7 32. h5 Ke7 33. Kd2 Kd6 34. Kc2 Bb7 35. Rb2 Bc6 36. Bxc6 Rxb2+ 37. Kxb2 Kxc6 38. Kc3 Rb8 39. Rc2 Rb1 40. Rh2 Rd1 41. h6 g6 42. Re2 Rd3+ 43. Kc2 Kb5 44. Kb1 c3 45. Kc1 Kb4 46. Kc2 Rd2+ 47. Rxd2 cxd2 48. Kxd2 Ka3 49. Kc3 a5 50. Kc2 Kxa2 51. Kc3 Kb1 52. Kb3 Kc1 53. Ka4 Kd2 54. Kxa5 Kxe3 55. Kb4 Kxd4 0-1

[Event "Windsor NAYCC U12 Girls"]
[Site "Windsor"]
[Date "2016.08.09"]
[Round "4.119"]
[White "Farkas, Jezzel"]
[Black "Kao, Simona"]
[Result "1-0"]
[WhiteElo "1310"]
[BlackElo "1289"]
[PlyCount "99"]
[EventDate "2016.08.07"]
[EventType "swiss"]
[EventRounds "9"]
[EventCountry "CAN"]
[SourceTitle "EXT 2022"]
[Source "ChessBase"]
[SourceDate "2021.10.06"]
[SourceVersion "1"]
[SourceVersionDate "2021.10.06"]
[SourceQuality "1"]

1. d4 d5 2. Bf4 Nf6 3. Nf3 Bf5 4. e3 e6 5. c4 c6 6. Nc3 Nbd7 7. Qb3 b6 8. Be2 Be7 9. 0-0 0-0 10. Rac1 Re8 11. Ne5 Nxe5 12. Bxe5 Nd7 13. Bf4 Nf6 14. cxd5 cxd5 15. Nb5 Ne4 16. Rfd1 Nd6 17. Nc7 Rc8 18. Nxe8 Nxe8 19. Ba6 Rxc1 20. Rxc1 Qd7 21. Bb5 Qd8 22. Qc3 Bg6 23. Qc8 Qxc8 24. Rxc8 f6 25. Bxe8 Bxe8 26. Rxe8+ Kf7 27. Ra8 a5 28. Ra7 Kf8 29. Bc7 Bb4 30. Bxb6 Bd2 31. Bxa5 Bc1 32. b4 Ba3 33. b5 Bd6 34. b6 e5 35. b7 exd4 36. exd4 Kg8 37. Bb4 Bf4 38. Ra8+ Kf7 39. b8Q Bxb8 40. Rxb8 Kg6 41. a4 Kf5 42. Re8 g5 43. a5 h5 44. a6 g4 45. a7 h4 46. a8Q g3 47. Qxd5+ Kg6 48. Rg8+ Kh6 49. Bd2+ Kh7 50. Qf7# 1-0

[Event "Canadian op U1600"]
[Site "Windsor"]
[Date "2016.07.14"]
[Round "5.46"]
[White "Farkas, Jezzel"]
[Black "Su, Ethan"]
[Result "1-0"]
[WhiteElo "998"]
[BlackElo "1106"]
[PlyCount "127"]
[EventDate "2016.07.10"]
[EventType "swiss"]
[EventRounds "9"]
[EventCountry "CAN"]
[SourceTitle "EXT 2022"]
[Source "ChessBase"]
[SourceDate "2021.10.06"]
[SourceVersion "1"]
[SourceVersionDate "2021.10.06"]
[SourceQuality "1"]

1. d4 Nf6 2. Bf4 g6 3. Nf3 Bg7 4. e3 0-0 5. Bd3 d6 6. 0-0 Nc6 7. a3 Re8 8. Bg3 e5 9. dxe5 dxe5 10. e4 Bg4 11. Nbd2 Nh5 12. Bh4 Bxf3 13. Nxf3 Qd6 14. Bg3 Nxg3 15. hxg3 Ne7 16. Bb5 Red8 17. Qxd6 Rxd6 18. Bd3 Rad8 19. Rfe1 Nc6 20. Rab1 Bh6 21. Kf1 f6 22. Nh4 Nb8 23. Ke2 Nd7 24. b4 Nb6 25. Rb3 Rd4 26. Nf3 R4d6 27. Rh1 Kg7 28. c4 Na4 29. c5 R6d7 30. Bb5 Nxc5 31. bxc5 c6 32. Bc4 g5 33. g4 Re8 34. Rd3 Rxd3 35. Bxd3 Kg6 36. Rb1 Rb8 37. a4 Bf8 38. Rc1 b6 39. cxb6 Rxb6 40. Rb1 Bb4 41. Nd2 c5 42. Nc4 Rc6 43. g3 a5 44. Rf1 h5 45. gxh5+ Kxh5 46. f4 exf4 47. gxf4 gxf4 48. Rxf4 Kg5 49. Rf5+ Kg6 50. e5 Kg7 51. exf6+ Rxf6 52. Rxf6 Kxf6 53. Ke3 Kg5 54. Ke4 Kg4 55. Kd5 Kf4 56. Kc6 Kf3 57. Kb5 Kf4 58. Nxa5 Ke3 59. Bc4 Kd4 60. Nc6+ Kc3 61. Nxb4 cxb4 62. a5 Kd4 63. a6 Ke5 64. a7 1-0

[Event "Canadian op U1600"]
[Site "Windsor"]
[Date "2016.07.12"]
[Round "3.48"]
[White "Kocela, Manuel"]
[Black "Farkas, Jezzel"]
[Result "0-1"]
[WhiteElo "1389"]
[BlackElo "998"]
[PlyCount "93"]
[EventDate "2016.07.10"]
[EventType "swiss"]
[EventRounds "9"]
[EventCountry "CAN"]
[SourceTitle "EXT 2022"]
[Source "ChessBase"]
[SourceDate "2021.10.06"]
[SourceVersion "1"]
[SourceVersionDate "2021.10.06"]
[SourceQuality "1"]

1. d4 Nf6 2. Nc3 d5 3. Bf4 Bf5 4. e3 e6 5. h3 Bd6 6. g4 Bg6 7. Bd3 Bxf4 8. exf4 Bxd3 9. Qxd3 h6 10. 0-0-0 Nc6 11. Nf3 Qe7 12. Ne5 Nxe5 13. fxe5 Nd7 14. h4 0-0-0 15. a3 a6 16. Na4 g5 17. h5 f6 18. Rhe1 fxe5 19. f3 exd4 20. Qxd4 Qf7 21. Rd3 Rde8 22. Kb1 b6 23. Nc3 Qf6 24. Qe3 Rhf8 25. Qe2 Nc5 26. Rdd1 Qxf3 27. Qxf3 Rxf3 28. Nxd5 Rg3 29. Nf6 Rf8 30. Ne4 Nxe4 31. Rxe4 Rf6 32. Red4 Rgf3 33. R1d3 Rxd3 34. cxd3 Kb7 35. Re4 c5 36. Kc2 Kc6 37. Kc3 Kd6 38. b4 e5 39. a4 Rf4 40. bxc5+ bxc5 41. a5 Kc6 42. Kc4 Kd6 43. Kc3 Kd5 44. Rc4 Rxc4+ 45. dxc4+ Ke4 46. Kd2 Kf3 47. Kd3 0-1

[Event "CAN-ch U12 Girls"]
[Site "Windsor"]
[Date "2016.07.07"]
[Round "4.77"]
[White "Everitt, Marie"]
[Black "Farkas, Jezzel"]
[Result "0-1"]
[WhiteElo "743"]
[BlackElo "925"]
[PlyCount "62"]
[EventDate "2016.07.05"]
[EventType "swiss"]
[EventRounds "7"]
[EventCountry "CAN"]
[SourceTitle "EXT 2022"]
[Source "ChessBase"]
[SourceDate "2021.10.06"]
[SourceVersion "1"]
[SourceVersionDate "2021.10.06"]
[SourceQuality "1"]

1. Nf3 c5 2. g3 Nc6 3. d4 cxd4 4. Nxd4 Nf6 5. Bg2 e5 6. Nxc6 bxc6 7. 0-0 Bc5 8. Nd2 0-0 9. Ne4 Nxe4 10. Bxe4 d5 11. Bg2 Be6 12. b3 Bd4 13. Rb1 Qd7 14. Ba3 Rfd8 15. Qd3 Bf5 16. e4 dxe4 17. Bxe4 Bxe4 18. Qxe4 Qd5 19. Qxd5 cxd5 20. Be7 Rd7 21. Bb4 Rb8 22. a3 Rc8 23. Rbc1 Bb2 24. Rce1 Rxc2 25. Rxe5 Bxe5 26. f4 Bd4+ 27. Kh1 Rdc7 28. Bd2 Rxd2 29. Re1 g6 30. Re8+ Kg7 31. Re1 Rcc2 0-1

[Event "CAN-ch U10 Girls"]
[Site "Windsor"]
[Date "2015.07.08"]
[Round "5.114"]
[White "Tian, Sherry"]
[Black "Farkas, Jezzel"]
[Result "1-0"]
[WhiteElo "755"]
[BlackElo "892"]
[PlyCount "69"]
[EventDate "2015.07.06"]
[EventType "swiss"]
[EventRounds "7"]
[EventCountry "CAN"]
[SourceTitle "EXT 2022"]
[Source "ChessBase"]
[SourceDate "2021.10.06"]
[SourceVersion "1"]
[SourceVersionDate "2021.10.06"]
[SourceQuality "1"]

1. e4 c5 2. Nf3 Nc6 3. d4 cxd4 4. Nxd4 Qb6 5. Nxc6 Qxc6 6. Nc3 e6 7. Bb5 Qc7 8. 0-0 Be7 9. Qf3 a6 10. Bd3 b6 11. Bf4 d6 12. Rfe1 Bb7 13. Qe3 Qc5 14. Qxc5 bxc5 15. Rad1 e5 16. Be3 Nf6 17. Bg5 0-0 18. Bxf6 Bxf6 19. Bc4 Rab8 20. Rxd6 Rfd8 21. Red1 Rxd6 22. Rxd6 Kf8 23. Rd7 Be7 24. f3 f6 25. Bd5 Bxd5 26. Nxd5 Bd8 27. b3 Bb6 28. Rd6 c4+ 29. Nxb6 cxb3 30. cxb3 Ke7 31. Rc6 Rb7 32. Nd5+ Kf7 33. Rxa6 Rb5 34. Kf2 Rc5 35. a4 1-0